000 01095nam a2200313 i 4500
003 EG-GICUC
005 20260426103133.0
008 260426s1976 fr b|||fr|| 00| 0 fre d
040 _aEG-GiCUC
_bfre
_cEG-GiCUC
_dEG-GiCUC
_eRda
041 0 _afre
082 0 4 _221
_a343.9
_bPE
092 0 4 _221
099 _aLaw1 10 343.9 PE 1976
110 _kLarousse (Librairie)
245 1 0 _aPetit Larousse illustré :
_bdictionnaire encyclopédique pour tous /
_cLibrairie Larousse
264 1 _aParis :
_b Librairie Larousse,
_c1976.
300 _a1790 page ;
_c 24 cm.
_billustration ;
336 _2rda contenu
_a texte
337 _2rda medias
_aOrdinateur
338 _2 transporteur rda
_a Ressource en ligne
500 _aComprend des illustrations en couleur, des cartes, des tableaux et des graphiques.
504 _aComprend des références bibliographiques et un index.
546 _aTexte en français
650 1 4 _aCriminal Law
_2qrmak
651 1 _2qrmak
856 4 0 _uhttps://fll.law.cu.edu.eg/fulltext/bks/B10-10317.pdf
905 _a74
942 _2ddc
_n0
_cBK
_e21
999 _c73432
_d73432